000 01077nam a22002417a 4500
005 20240305165453.0
007 cr|||| ||||
008 170926s2015 es |||||s|||| 00||0 spa d
020 _a978-84-16608-02-7
035 _a20605
040 _avLex
090 _c7007
_d7007
100 1 _aRamos Quintana, Margarita Isabel
245 1 2 _aLa responsabilidad laboral de los grupos de empresas
_h[Recurso electrónico] /
_cMargarita Isabel Ramos Quintana
256 _aServicio en línea
260 _aAlbacete:
_bEditorial Bomarzo,
_c2015
300 _a1 recurso electrónico
506 1 _aDisponible solo en los productos indicados
_dvLex Global
_dvLex Global (Academic Edition, excluding Law Schools)
_dvLex Global (U.S. Academic Edition, Law Schools)
_dvLex Global (U.S. Academic Edition, excluding Law Schools)
_dvLex Global (Academic Edition, Law Schools)
650 0 4 _aDerecho Laboral y Seguridad Social
_zEspaña
740 0 _avLex Libros (Servicio en línea)
856 4 0 _uhttps://app.vlex.com/#/sources/responsabilidad-laboral-grupos-empresas-20605
942 _cRAA
999 _c165253
_d165253